| 000 | 00338nam a2200133 4500 | ||
|---|---|---|---|
| 999 |
_c9449 _d9449 |
||
| 003 | OSt | ||
| 005 | 20230428142221.0 | ||
| 008 | 210623b ||||| |||| 00| 0 eng d | ||
| 082 |
_a301.54 _bRAP |
||
| 110 | _aAmos Rapoport | ||
| 245 | _aHouse form and culture | ||
| 260 |
_alondon _bfoundation of cultural geography series _c1969 |
||
| 942 | _2ddc | ||